00617cam a2200181 450000100060000009000100000610000410001610100080005710200070006520000970007221000430016921500460021222501040025867500220036270000240038480100160040899000110042445438 a45438 a19880915d1946 km y0pory5003 ba0 apor aPT1 aPequenas bibliotecasecomo as organizar modernamente e como utilizá-lasfEma Quintas Alves 9aLisboacedições Cosmos,dimp. 1946 a145, [2] p.cil., 8 p. de estampasd20 cm2 aBiblioteca Cosmosv111h1,iCiências e técnicas.iCiência psicológicas e sociológicasv53 a02(023)vmedzpor 1aAlves,bEma Quintas 0aPTbBNgRPC cLIVROS